Sportifs en F - Statistiques

Statistiques générales
  • Ce quiz a été pris 91 fois
  • Le résultat moyen est 3 sur 12
Statistiques - réponses
Sport Pays Sexe Réponse % Correct
Football Angleterre Homme Foden
78%
Boxe Angleterre Homme Fury
46%
Football Brésil Homme Fabinho/Firmino
41%
Tennis France Homme Fils
39%
Tennis USA Homme Fritz
35%
Rugby France Homme Fickou/Flament
28%
Basket (Kings) USA Homme Fox
25%
Football Espagne Homme Fati/Fernandez
16%
Cyclisme France Femme Ferrand-Prévot
13%
Sprint Jamaïque Femme Fraser-Pryce
12%
MMA (Coqs) Brésil Homme Figueiredo
2%
Rally (WRC) France Homme Fourneaux
1%
Aucun quiz correspondant
Distribution des résultats
% des personnes avec chaque résultat
Percentile par nombre de réponses
Votre historique - résultats
Vous n’avez pas pris ce quiz